| 000 | 00911nam a2200277Ia 4500 | ||
|---|---|---|---|
| 008 | 191130s1990##################000#0#eng## | ||
| 020 | _a9780198292432 | ||
| 022 | _a90007882 | ||
| 040 |
_aACL _cACL |
||
| 082 | _a332.601 | ||
| 100 | _aRichardson, G. B | ||
| 245 |
_aInformation and investment : a study in the working of the competitive economy _cG.B. Richardson ; with a new foreword by David J. Teece, a new introduction, and two new chapters |
||
| 250 | _a2nd ed | ||
| 260 |
_aOxford _bClarendon Press ; Oxford University Press _c1990 |
||
| 300 | _axxvi, 264 p. : ill. ; 23 cm | ||
| 500 | _aIncludes bibliographical references and index | ||
| 650 | _aCapitalism | ||
| 650 | _aCompetition | ||
| 650 | _aEquilibrium (Economics) | ||
| 650 | _aInvestments | ||
| 650 | _aPrices | ||
| 650 | _aUncertainty | ||
| 990 | _a28648139ac10000c36fdba121ae0a213 | ||
| 991 | _a146379 | ||
| 999 |
_c214853 _d214853 |
||